Gaming Quiz

Random Gaming or Mario Quiz

The Ultimate Mario Kart N64 Quiz Stats

 Plays Quiz Updated Mar 15, 2015

Score 0/53 Timer 08:00
3 Plays Today
% Correct
Mario
96.7%
Luigi
95.3%
Princess Peach
93.3%
Bowser
90.5%
Toad
88.6%
Yoshi
87.4%
Mushroom
85.6%
Mushroom Cup
85.5%
Wario
85.3%
Donkey Kong
85.2%
Super Star
84%
Star Cup
83.9%
Red Shell
76.4%
50cc
76.4%
100cc
76.3%
Green Shell
76.2%
150cc
76.1%
Banana
74.8%
Battle
73.6%
Rainbow Road
69.8%
Flower Cup
69.5%
Spiny Shell
66.4%
Grand Prix
63.1%
Triple Green Shell
62.4%
Triple Red Shell
62%
Versus
60.7%
Triple Mushrooms
59.9%
% Correct
Time Trial
58.5%
Lightning
58%
Bowser's Castle
57%
Boo
55.6%
Special Cup
55.4%
Super Mushroom
54.5%
Banana Bunch
53.7%
Fake Item Box
51.8%
Mario Raceway
49.3%
Luigi Raceway
47.4%
Wario Stadium
45.7%
Moo Moo Farm
45.6%
Toad's Turnpike
43.1%
Koopa Troopa Beach
38.2%
Royal Raceway
36.4%
Yoshi Valley
36.3%
Big Donut
35.5%
Choco Mountain
34.9%
Banshee Boardwalk
33.4%
Skyscraper
33.1%
DK's Jungle Parkway
31.2%
Sherbet Land
30.1%
Kalimari Desert
28.6%
Frappe Snowland
27.8%
Block Fort
26.8%
Double Deck
17.2%

You're not logged in!

Compare scores with friends on all Sporcle quizzes.
OR
Log In

Sporcle TV

Today on Sporcle TV


Watch our educational content, quiz creation guides, and fun videos on Sporcle TV.

Show Comments

Extras

Top Quizzes Today


Score Distribution

Your Account Isn't Verified!

In order to create a playlist on Sporcle, you need to verify the email address you used during registration. Go to your Sporcle Settings to finish the process.

Report this User

Report this user for behavior that violates our Community Guidelines.

Details: